[Event "28th Hoogeveen op"]
[Site "Hoogeveen NED"]
[Date "2025.10.18"]
[Round "1.1"]
[White "Winter, Sven"]
[Black "Harikrishnan.A.Ra,"]
[Result "0-1"]
[WhiteElo "2119"]
[BlackElo "2534"]
[EventDate "2025.10.18"]
[PlyCount "134"]

1.e4 e6 2.d4 d5 3.Nd2 Be7 4.Ngf3 Nf6 5.e5 Nfd7 6.c4 dxc4 7.Bxc4 c5 8.Ne4 
cxd4 9.Qxd4 Nc6 10.Nd6+ Bxd6 11.Qxd6 Ndxe5 12.Qxd8+ Kxd8 13.Nxe5 Nxe5 14.
Be2 Bd7 15.Bf4 Ng6 16.Bd6 Rc8 17.Bd3 Bc6 18.O-O Kd7 19.Bg3 Rhd8 20.Rfd1 
Ke8 21.h4 Rd5 22.Bxg6 hxg6 23.Rxd5 Bxd5 24.Be5 f6 25.Bc3 Ke7 26.Kh2 e5 27.
a3 Ke6 28.Rc1 Bc6 29.Rd1 Kf5 30.Kg3 g5 31.hxg5 Kxg5 32.Rd6 e4 33.Re6 Rd8 
34.Re7 Rd3+ 35.Kh2 Kg6 36.Kg1 Rd1+ 37.Kh2 Rd5 38.Kg1 Rg5 39.Bd2 e3 40.Rxe3
Rxg2+ 41.Kf1 Rh2 42.Rg3+ Kf7 43.Bc3 g5 44.Bd4 a6 45.Bc5 Rh4 46.Re3 f5 47.
Bb4 Rh1+ 48.Ke2 Bb5+ 49.Kf3 Bf1 50.Re7+ Kf6 51.Ke3 a5 52.Bd6 Rh3+ 53.Kd4 
Rd3+ 54.Kc5 Bg2 55.Rd7 Rd5+ 56.Kb6 Ke6 57.Kc7 Rd2 58.Re7+ Kf6 59.Re3 Rxf2 
60.Be5+ Kg6 61.Bd4 Be4 62.Kb6 Rd2 63.Bc3 Rd6+ 64.Kxa5 g4 65.Kb5 Kg5 66.Kc5
Rd7 67.b4 Kf4 0-1

[Event "28th Hoogeveen op"]
[Site "Hoogeveen NED"]
[Date "2025.10.18"]
[Round "1.2"]
[White "Beerdsen, Thomas"]
[Black "Boeren, Jurriaan"]
[Result "1-0"]
[WhiteElo "2528"]
[BlackElo "2112"]
[EventDate "2025.10.18"]
[PlyCount "43"]

1.e4 e6 2.d4 d5 3.Nc3 Nf6 4.Bg5 dxe4 5.Nxe4 Be7 6.Bxf6 gxf6 7.Nf3 f5 8.Nc3
a6 9.a4 Qd6 10.Qe2 Nc6 11.O-O-O Bf6 12.Qe3 O-O 13.g4 Ne7 14.Bd3 Kh8 15.Kb1
Nd5 16.Nxd5 Qxd5 17.Rhg1 Bd7 18.Ne5 c5 19.gxf5 exf5 20.Qh6 Bxe5 21.dxe5 
Qxe5 22.f4 1-0

[Event "28th Hoogeveen op"]
[Site "Hoogeveen NED"]
[Date "2025.10.18"]
[Round "1.3"]
[White "Yekeler, Kerem Sarp"]
[Black "Abdisalimov, Abdimalik"]
[Result "0-1"]
[WhiteElo "2112"]
[BlackElo "2501"]
[EventDate "2025.10.18"]
[PlyCount "86"]

1.e4 c5 2.Nc3 a6 3.Nge2 e6 4.g3 b5 5.Bg2 Bb7 6.O-O Nf6 7.Re1 b4 8.Nd5 exd5
9.exd5 d6 10.Nd4+ Kd7 11.Nf5 g6 12.Ne3 Kc8 13.d4 Nbd7 14.Nc4 Nb6 15.Na5 c4
16.Nc6 Qd7 17.Bg5 Nfxd5 18.Na5 Rb8 19.Nxb7 Kxb7 20.a3 Ka7 21.axb4 Nxb4 22.
d5 Qf5 23.Be3 Nxc2 24.Be4 Nxe3 25.Rxe3 Qc8 26.Qd4 Rg8 27.Qf6 Nd7 28.Qxf7 
Rg7 29.Qf3 Nc5 30.Rae1 Rc7 31.Bb1 Rxb2 32.Qf6 Bg7 33.Qxd6 Bd4 34.Rf3 Rcb7 
35.Be4 Qb8 36.Qxb8+ Kxb8 37.d6 Nxe4 38.Rxe4 Rd2 39.Rf8+ Ka7 40.Rc8 Bxf2+ 
41.Kg2 Bc5+ 42.Kh3 Bxd6 43.Rcxc4 Rbb2 0-1

[Event "28th Hoogeveen op"]
[Site "Hoogeveen NED"]
[Date "2025.10.18"]
[Round "1.4"]
[White "Nigmatov, Ortik"]
[Black "Kamphuis, Jasper"]
[Result "0-1"]
[WhiteElo "2485"]
[BlackElo "2104"]
[EventDate "2025.10.18"]
[PlyCount "86"]

1.e4 e5 2.Nf3 Nc6 3.Bc4 Nf6 4.d3 Bc5 5.O-O d6 6.c3 Bg4 7.h3 Bh5 8.Re1 Qd7 
9.b4 Bb6 10.Qe2 h6 11.a4 a6 12.Be3 Bxe3 13.Qxe3 O-O 14.Nbd2 Rfe8 15.Nh4 
Ne7 16.Bb3 Ng6 17.Nf5 Nf4 18.d4 Bg6 19.Ng3 N6h5 20.Rad1 Rad8 21.Nf3 Nxg2 
22.Kxg2 Nf4+ 23.Kg1 Qxh3 24.Nh4 Qxh4 25.Bc4 exd4 26.Rxd4 Re5 27.Bf1 Rde8 
28.b5 axb5 29.axb5 b6 30.Qd2 Ne6 31.Rb4 Qf6 32.Re3 Qg5 33.Kh2 Nc5 34.Qe1 
h5 35.Bg2 h4 36.Ne2 Ne6 37.Ng1 Nf4 38.Bf1 Bh5 39.Rc4 R8e7 40.Qa1 Kh7 41.
Qa8 R7e6 42.Bh3 Rg6 43.Qa1 Nxh3 0-1

[Event "28th Hoogeveen op"]
[Site "Hoogeveen NED"]
[Date "2025.10.18"]
[Round "1.5"]
[White "Mijnheer, Peter"]
[Black "Raja, Harshit"]
[Result "0-1"]
[WhiteElo "2104"]
[BlackElo "2476"]
[EventDate "2025.10.18"]
[PlyCount "80"]

1.d4 Nf6 2.c4 e6 3.Nf3 d5 4.Nc3 c6 5.e3 Nbd7 6.Qc2 Bd6 7.Bd3 O-O 8.O-O e5 
9.cxd5 cxd5 10.e4 exd4 11.Nxd5 Nxd5 12.exd5 h6 13.h3 Qf6 14.Bd2 Rd8 15.
Rfe1 Nc5 16.b4 Nxd3 17.Qxd3 Bf8 18.Qxd4 Qxd4 19.Nxd4 Rxd5 20.Re8 Rxd4 21.
Be3 Rxb4 22.Rc1 b6 23.Rcxc8 Rxc8 24.Rxc8 f5 25.Ra8 f4 26.Bd2 Ra4 27.a3 Kf7
28.Bb4 Bxb4 29.axb4 Ke6 30.h4 Kf5 31.f3 Kg6 32.Kh2 Kh5 33.Kh3 Ra1 34.g4+ 
fxg3 35.Kxg3 Ra4 36.Rg8 Rxb4 37.Rxg7 a5 38.f4 Rb3+ 39.Kf2 a4 40.f5 Rb5 0-1

[Event "28th Hoogeveen op"]
[Site "Hoogeveen NED"]
[Date "2025.10.18"]
[Round "1.6"]
[White "Harshavardhan, G. B."]
[Black "Albin, Sajan"]
[Result "1-0"]
[WhiteElo "2476"]
[BlackElo "2101"]
[EventDate "2025.10.18"]
[PlyCount "67"]

1.e4 c5 2.Nf3 e6 3.b3 b6 4.Bb2 Bb7 5.Nc3 Nc6 6.g3 Nf6 7.Bg2 Be7 8.O-O e5 
9.Nd5 d6 10.Nh4 O-O 11.f4 Bc8 12.Nf5 Bxf5 13.exf5 e4 14.Bxf6 Bxf6 15.c3 
Ne7 16.Bxe4 Nxd5 17.Bxd5 Rc8 18.Qh5 Qd7 19.g4 Rce8 20.Rf3 Bd8 21.Rh3 h6 
22.Rf1 Re2 23.Rf2 Rxf2 24.Kxf2 Re8 25.Re3 Rxe3 26.dxe3 Qe7 27.Kf3 b5 28.g5
b4 29.c4 hxg5 30.fxg5 a5 31.Ke2 Qxg5 32.Qxf7+ Kh7 33.Qg8+ Kh6 34.Qh8# 1-0

[Event "28th Hoogeveen op"]
[Site "Hoogeveen NED"]
[Date "2025.10.18"]
[Round "1.7"]
[White "Van de Pavoordt, Max"]
[Black "Chanda, Sandipan"]
[Result "0-1"]
[WhiteElo "2098"]
[BlackElo "2467"]
[EventDate "2025.10.18"]
[PlyCount "68"]

1.c4 f5 2.Nc3 Nf6 3.g3 g6 4.Bg2 Bg7 5.d3 O-O 6.h4 c6 7.Qb3 d6 8.e3 e5 9.
Nge2 Na6 10.d4 Rb8 11.a3 Be6 12.Qa4 Nc7 13.O-O a6 14.dxe5 dxe5 15.c5 Qe7 
16.b4 h6 17.Rb1 g5 18.hxg5 hxg5 19.Qc2 Qf7 20.f3 Qh5 21.Kf2 e4 22.Rh1 Qf7 
23.Nd4 exf3 24.Bxf3 Ne4+ 25.Kg1 Nxg3 26.Rh2 Bxd4 27.exd4 f4 28.d5 Bf5 29.
Ne4 Qg6 30.Qb2 Bxe4 31.Bxe4 Qxe4 32.Bd2 Ne2+ 33.Kf2 Qd4+ 34.Kxe2 Rbe8+ 0-1

[Event "28th Hoogeveen op"]
[Site "Hoogeveen NED"]
[Date "2025.10.18"]
[Round "1.8"]
[White "De Boer, Eelke"]
[Black "Van Helvoort, Rob"]
[Result "1-0"]
[WhiteElo "2456"]
[BlackElo "2095"]
[EventDate "2025.10.18"]
[PlyCount "97"]

1.e4 c5 2.Nf3 e6 3.d4 cxd4 4.Nxd4 Nf6 5.Nc3 Nc6 6.Ndb5 Bc5 7.Nd6+ Ke7 8.
Bf4 e5 9.Nf5+ Kf8 10.Bg5 d6 11.Bc4 h6 12.Bxf6 Qxf6 13.Nd5 Qd8 14.Nfe3 a6 
15.a4 g6 16.c3 Kg7 17.O-O Be6 18.Kh1 Rc8 19.Qe2 Ne7 20.Rad1 Qd7 21.Nxe7 
Qxe7 22.Nd5 Qd7 23.b3 Rhf8 24.Rd2 f5 25.exf5 Rxf5 26.f3 Bxd5 27.Bxd5 Qe7 
28.Be4 Rf6 29.Rfd1 Ba7 30.Rd3 Qc7 31.g3 h5 32.h4 Rd8 33.Kg2 Qb6 34.Bd5 Qc7
35.a5 Rd7 36.b4 Re7 37.Qe4 b6 38.Ra1 bxa5 39.Rxa5 Qb6 40.Qe1 e4 41.Bxe4 
Rxe4 42.fxe4 Rf2+ 43.Kh3 Qb7 44.Rg5 Qc8+ 45.g4 Qc4 46.Rxd6 Rf3+ 47.Kg2 
Rf2+ 48.Kg3 Qf7 49.Rdxg6+ 1-0

[Event "28th Hoogeveen op"]
[Site "Hoogeveen NED"]
[Date "2025.10.18"]
[Round "1.9"]
[White "Bakija, Alan"]
[Black "Zwirs, Nico"]
[Result "1/2-1/2"]
[WhiteElo "2082"]
[BlackElo "2441"]
[EventDate "2025.10.18"]
[PlyCount "82"]

1.e4 c5 2.c3 d5 3.exd5 Qxd5 4.d4 e6 5.Nf3 Nf6 6.Na3 Nc6 7.Bc4 Qd8 8.Nc2 
Bd7 9.O-O Rc8 10.Qe2 Be7 11.h3 Qc7 12.Bd3 O-O 13.Be3 cxd4 14.Ncxd4 Nd5 15.
Nxc6 Bxc6 16.Nd4 Nxe3 17.Qxe3 Bc5 18.Nxe6 Bxe3 19.Nxc7 Rfd8 20.Bb5 Bd2 21.
Bxc6 bxc6 22.Na6 c5 23.Rad1 Kf8 24.b4 cxb4 25.cxb4 Rc2 26.a4 Re8 27.Rb1 
Re4 28.Rfd1 g6 29.Rb3 Bc3 30.g3 Bd4 31.Rf3 Ke7 32.Kf1 f5 33.b5 Be5 34.Re1 
Rxe1+ 35.Kxe1 Bd6 36.Re3+ Kd7 37.Rd3 Ke6 38.Re3+ Kd5 39.Rd3+ Ke6 40.Re3+ 
Kd5 41.Rd3+ Ke6 1/2-1/2

[Event "28th Hoogeveen op"]
[Site "Hoogeveen NED"]
[Date "2025.10.18"]
[Round "1.10"]
[White "Maris, Ivo"]
[Black "Van Veelen, Thomas"]
[Result "0-1"]
[WhiteElo "2389"]
[BlackElo "2081"]
[EventDate "2025.10.18"]
[PlyCount "116"]

1.Nf3 d5 2.e3 Nf6 3.c4 c6 4.d4 e6 5.Nbd2 Nbd7 6.Bd3 Bd6 7.O-O O-O 8.Qc2 
Re8 9.Re1 e5 10.cxd5 cxd5 11.dxe5 Nxe5 12.b3 Nxd3 13.Qxd3 Bg4 14.h3 Bh5 
15.Bb2 Bg6 16.Qb5 Qd7 17.a4 Qxb5 18.axb5 Bd3 19.Bxf6 gxf6 20.Nd4 Bb4 21.
Red1 Bc3 22.Ra4 Bxd4 23.Rxd4 Bxb5 24.Rxd5 Bc6 25.Rd6 Kg7 26.Nf1 Re5 27.Ng3
a5 28.R1d4 Rb5 29.Kh2 Re8 30.Rg4+ Kf8 31.Rf4 Rxb3 32.Rdxf6 Bd5 33.R6f5 Rd3
34.Nh5 b6 35.Nf6 Be6 36.Rb5 Rb8 37.Nxh7+ Ke7 38.Nf6 Rb3 39.Re5 b5 40.Ne4 
Rb4 41.Rh4 a4 42.f4 a3 43.f5 a2 44.fxe6 a1=Q 45.Rhh5 Rxe4 46.Rxe4 fxe6 47.
Rd4 Qc3 48.Rh7+ Kf6 49.Rh6+ Kf7 50.Re4 Rb6 51.Rh7+ Ke8 52.Rg4 Kf8 53.h4 b4
54.Rf4+ Kg8 55.Rhf7 Rb8 56.R7f6 b3 57.Rg4+ Kh7 58.Rgg6 Qxf6 0-1

[Event "28th Hoogeveen op"]
[Site "Hoogeveen NED"]
[Date "2025.10.18"]
[Round "1.11"]
[White "Gerrits, Augustin"]
[Black "Korchynskyi, Mykola"]
[Result "1/2-1/2"]
[WhiteElo "2074"]
[BlackElo "2382"]
[EventDate "2025.10.18"]
[PlyCount "122"]

1.e4 c6 2.d4 d5 3.Nc3 dxe4 4.Nxe4 Bf5 5.Ng3 Bg6 6.h4 h6 7.h5 Bh7 8.Nf3 e6 
9.Bd3 Bxd3 10.Qxd3 Nd7 11.Bd2 Ngf6 12.O-O-O Be7 13.Kb1 O-O 14.Ne4 c5 15.
Bc1 Rc8 16.Nxf6+ Nxf6 17.Qe2 c4 18.Ne5 c3 19.b3 a5 20.a4 b5 21.Qxb5 Rb8 
22.Qd3 Qe8 23.Qxc3 Qxa4 24.Nc6 Nd5 25.Nxe7+ Nxe7 26.Bb2 Nd5 27.Qg3 Qb4 28.
c4 Ne7 29.d5 Nf5 30.Qc3 Qxb3 31.Qxb3 Rxb3 32.Ka2 Rb4 33.Ba3 Rxc4 34.Bxf8 
Kxf8 35.dxe6 fxe6 36.Kb3 Rg4 37.g3 Kf7 38.Rd7+ Kf6 39.Ra7 Rb4+ 40.Kc3 Rb5 
41.Ra1 Rc5+ 42.Kd3 Rd5+ 43.Kc3 Rc5+ 44.Kd3 Rd5+ 45.Ke4 Nd6+ 46.Kf3 Rf5+ 
47.Kg2 Rxh5 48.R1xa5 Rxa5 49.Rxa5 g5 50.Ra6 Nf5 51.Kf3 h5 52.Ke4 h4 53.g4 
Ne7 54.f4 gxf4 55.Kxf4 Ng6+ 56.Ke4 h3 57.Kf3 h2 58.Kg2 Ne5 59.Ra4 Kg5 60.
Ra5 Kf4 61.g5 Ng6 1/2-1/2

[Event "28th Hoogeveen op"]
[Site "Hoogeveen NED"]
[Date "2025.10.18"]
[Round "1.12"]
[White "Miezis, Normunds"]
[Black "Vistisen, Lars"]
[Result "1-0"]
[WhiteElo "2374"]
[BlackElo "2073"]
[EventDate "2025.10.18"]
[PlyCount "81"]

1.c4 Nf6 2.Nc3 e5 3.g3 Bc5 4.Bg2 c6 5.e3 Qe7 6.Nge2 d6 7.h3 O-O 8.d4 Bb6 
9.b3 Bf5 10.Ba3 Rd8 11.dxe5 Qxe5 12.O-O a5 13.Bb2 Qe7 14.Nd4 Bg6 15.Re1 
Nbd7 16.f4 h6 17.e4 Re8 18.Kh2 Rad8 19.Na4 Bc7 20.Qd2 Nc5 21.Nf5 Qe6 22.
Nxg7 Kxg7 23.f5 Qe7 24.fxg6 fxg6 25.Rf1 Nd7 26.Bc3 b5 27.cxb5 cxb5 28.Nb2 
b4 29.Bd4 Kh7 30.Rac1 Bb8 31.Nd3 Ne5 32.Nf4 Rd7 33.Nd5 Nxd5 34.exd5 Ba7 
35.Bxe5 dxe5 36.Be4 Bd4 37.Rc6 Rd6 38.Qc2 Rf8 39.Rc7 Rd7 40.Rxd7 Qxd7 41.
Rxf8 1-0

[Event "28th Hoogeveen op"]
[Site "Hoogeveen NED"]
[Date "2025.10.18"]
[Round "1.13"]
[White "Riechenberg, Sebastian"]
[Black "Bosboom, Manuel"]
[Result "1/2-1/2"]
[WhiteElo "2073"]
[BlackElo "2355"]
[EventDate "2025.10.18"]
[PlyCount "49"]

1.d4 Nf6 2.Nf3 g6 3.g3 Bg7 4.Bg2 O-O 5.c4 d6 6.Nc3 Nbd7 7.O-O e5 8.e4 exd4
9.Nxd4 c6 10.h3 Qa5 11.Be3 Nb6 12.c5 Nc4 13.Nb3 Nxe3 14.Nxa5 Nxd1 15.Raxd1
dxc5 16.e5 Nd5 17.Nxd5 cxd5 18.f4 Rb8 19.g4 d4 20.b4 b6 21.Nc6 Rb7 22.Rc1 
Rc7 23.Nxd4 Bd7 24.b5 g5 25.fxg5 1/2-1/2

[Event "28th Hoogeveen op"]
[Site "Hoogeveen NED"]
[Date "2025.10.18"]
[Round "1.14"]
[White "Schuricht, Emil Frederick"]
[Black "De Wit, Evan"]
[Result "1-0"]
[WhiteElo "2294"]
[BlackElo "2069"]
[EventDate "2025.10.18"]
[PlyCount "45"]

1.c4 e5 2.Nc3 Nf6 3.Nf3 Nc6 4.g3 d5 5.cxd5 Nxd5 6.Bg2 Nb6 7.O-O Be7 8.b3 
O-O 9.Bb2 Be6 10.Rc1 f6 11.Ne4 Bd5 12.d3 a5 13.Nc3 Be6 14.Nd2 Qd7 15.Re1 
Rfd8 16.a4 Nd4 17.Bxb7 Rab8 18.Bg2 Nc8 19.Nb5 Nxb5 20.Bc6 Qd6 21.Bxb5 Nb6 
22.Rc6 Qd5 23.e4 1-0

[Event "28th Hoogeveen op"]
[Site "Hoogeveen NED"]
[Date "2025.10.18"]
[Round "1.15"]
[White "Duchene, Rene"]
[Black "De Jong, Migchiel"]
[Result "1/2-1/2"]
[WhiteElo "2055"]
[BlackElo "2258"]
[EventDate "2025.10.18"]
[PlyCount "78"]

1.g3 d5 2.Nf3 g6 3.Bg2 Bg7 4.d4 Nf6 5.c4 c6 6.cxd5 cxd5 7.O-O O-O 8.Nc3 
Ne4 9.Bf4 Nxc3 10.bxc3 Nc6 11.Ne5 Nxe5 12.Bxe5 Bxe5 13.dxe5 Be6 14.Qd4 Qa5
15.Rfd1 Rfd8 16.e4 dxe4 17.Qxe4 Rxd1+ 18.Rxd1 Rd8 19.Rxd8+ Qxd8 20.h4 Qd1+
21.Kh2 Qd2 22.Qxb7 Qxf2 23.Qxe7 h5 24.a4 a5 25.Qd8+ Kh7 26.Qxa5 Qd2 27.Qc5
Kg7 28.a5 Qa2 29.Qb5 Kh7 30.a6 Bc4 31.Qxc4 Qxc4 32.a7 Qxc3 33.a8=Q Qxe5 
34.Qd5 Qxd5 35.Bxd5 f5 36.Kh3 Kh6 37.Be6 Kg7 38.Bc8 Kf6 39.Bd7 g5 1/2-1/2

[Event "28th Hoogeveen op"]
[Site "Hoogeveen NED"]
[Date "2025.10.18"]
[Round "1.16"]
[White "Soumya, Swaminathan"]
[Black "Abel, Sajan"]
[Result "1-0"]
[WhiteElo "2238"]
[BlackElo "2046"]
[EventDate "2025.10.18"]
[PlyCount "49"]

1.e4 c5 2.Nf3 d6 3.d4 cxd4 4.Nxd4 Nf6 5.Nc3 a6 6.Bd3 e5 7.Nde2 Be7 8.O-O 
O-O 9.Ng3 Nc6 10.Nd5 Nxd5 11.exd5 Nb4 12.Bf5 a5 13.c3 Na6 14.Qg4 Kh8 15.f4
Bxf5 16.Nxf5 g6 17.Nxe7 Qxe7 18.fxe5 dxe5 19.Bh6 Rfe8 20.d6 Qxd6 21.Rxf7 
Re7 22.Rf2 Nc7 23.Rd1 Qc5 24.Qh4 Rf7 25.Rd8+ 1-0

[Event "28th Hoogeveen op"]
[Site "Hoogeveen NED"]
[Date "2025.10.18"]
[Round "1.17"]
[White "Odenthal, Aidan"]
[Black "Mostertman, Milan"]
[Result "1-0"]
[WhiteElo "2045"]
[BlackElo "2236"]
[EventDate "2025.10.18"]
[PlyCount "69"]

1.d4 Nf6 2.Nf3 e6 3.c4 d5 4.Nc3 Bb4 5.Bg5 h6 6.Bxf6 Qxf6 7.e3 O-O 8.Qc2 
Nc6 9.a3 Bxc3+ 10.Qxc3 Re8 11.Rd1 Qg6 12.b4 a6 13.b5 Ne7 14.Ne5 Qf6 15.h4 
dxc4 16.Bxc4 axb5 17.Bxb5 Nd5 18.Qb2 c6 19.Bd3 Qe7 20.Ra1 Ra7 21.g4 g6 22.
g5 hxg5 23.hxg5 Kg7 24.f4 Rg8 25.Rh7+ Kf8 26.Rxf7+ Qxf7 27.Nxf7 Kxf7 28.e4
Ne7 29.d5 cxd5 30.Qf6+ Ke8 31.exd5 exd5 32.Kf2 Bf5 33.Re1 b6 34.Bb5+ Bd7 
35.Qxe7# 1-0

[Event "28th Hoogeveen op"]
[Site "Hoogeveen NED"]
[Date "2025.10.18"]
[Round "1.18"]
[White "Van Batenburg, Mees"]
[Black "Lind, Jacco"]
[Result "1/2-1/2"]
[WhiteElo "2231"]
[BlackElo "2045"]
[EventDate "2025.10.18"]
[PlyCount "91"]

1.e4 e5 2.Nf3 Nc6 3.Bc4 Nf6 4.d3 h6 5.c3 Bc5 6.O-O d6 7.Re1 a5 8.Bb5 O-O 
9.h3 Bb6 10.Nbd2 Ne7 11.d4 Ng6 12.Bd3 Nh7 13.Nc4 c6 14.Nxb6 Qxb6 15.Qc2 a4
16.Be3 Qc7 17.b3 Bd7 18.b4 b6 19.a3 Nf6 20.Rab1 Nh5 21.c4 c5 22.dxc5 dxc5 
23.Qc3 Rfe8 24.h4 Nf6 25.g3 Ng4 26.Bd2 Bc6 27.Nh2 Qd7 28.Bf1 Nxh2 29.Kxh2 
Rad8 30.Rbd1 Nf8 31.Qc2 Qg4 32.Bg2 cxb4 33.Bxb4 Ne6 34.Bh3 Qf3 35.Rxd8 
Rxd8 36.Bxe6 fxe6 37.Re3 Qh5 38.Rd3 Rd4 39.Rxd4 exd4 40.Qd3 e5 41.Bd6 Qg4 
42.f3 Qe6 43.Bc7 Bd7 44.f4 exf4 45.Bxf4 Bc6 46.Qxd4 1/2-1/2

[Event "28th Hoogeveen op"]
[Site "Hoogeveen NED"]
[Date "2025.10.18"]
[Round "1.19"]
[White "Westerlaan, Sander"]
[Black "Dordevic, Tom"]
[Result "0-1"]
[WhiteElo "2034"]
[BlackElo "2224"]
[EventDate "2025.10.18"]
[PlyCount "146"]

1.d4 Nf6 2.Nc3 d5 3.Bf4 a6 4.e3 e6 5.a3 c5 6.Nf3 Nc6 7.Be2 Be7 8.h3 O-O 9.
O-O b5 10.Ne5 Bb7 11.dxc5 Bxc5 12.b4 Be7 13.Nxc6 Bxc6 14.Bd3 Rc8 15.Ne2 
Nd7 16.Nd4 e5 17.Nxc6 Rxc6 18.Bg3 e4 19.Be2 Nb6 20.Be5 Bf6 21.Bd4 Bxd4 22.
exd4 Qc7 23.f3 Rxc2 24.Rc1 Rc8 25.Rxc2 Qxc2 26.fxe4 dxe4 27.Bg4 Qxd1 28.
Rxd1 Rd8 29.Bf5 Re8 30.Re1 e3 31.Bd3 Nd5 32.g3 h5 33.h4 Rc8 34.Be4 Nf6 35.
Bb7 Rc3 36.Bxa6 Rxa3 37.Bxb5 Rb3 38.Bc6 Rxb4 39.Rxe3 Rxd4 40.Bf3 g6 41.Re2
Kg7 42.Kf2 Rb4 43.Ra2 Ng8 44.Bg2 Rb3 45.Bd5 Rc3 46.Bf3 Nh6 47.Rb2 Nf5 48.
Ra2 Kh6 49.Rb2 Ra3 50.Kg2 Kg7 51.Kf2 Kf6 52.Rb6+ Ke5 53.Rb5+ Kf6 54.Rb6+ 
Kg7 55.Rb2 Rc3 56.Ra2 Kh6 57.Rb2 Nd6 58.Rd2 Nc4 59.Rd4 Ne5 60.Be2 Kg7 61.
Rd2 Kf6 62.Ra2 Kf5 63.Ra4 Kf6 64.Ra6+ Kg7 65.Ra5 Nc6 66.Ra4 Ne7 67.Rb4 Nf5
68.g4 hxg4 69.Rxg4 Rh3 70.Rg2 Nxh4 71.Rg1 Rh2+ 72.Ke1 Ng2+ 73.Kf2 Nf4+ 0-1

[Event "28th Hoogeveen op"]
[Site "Hoogeveen NED"]
[Date "2025.10.18"]
[Round "1.20"]
[White "Kukushkin, Ivan"]
[Black "Xue, Luka"]
[Result "1-0"]
[WhiteElo "2211"]
[BlackElo "2031"]
[EventDate "2025.10.18"]
[PlyCount "65"]

1.d4 d5 2.Nf3 Nf6 3.Bf4 c5 4.e3 Qb6 5.Nc3 a6 6.dxc5 Qxc5 7.Qd4 e6 8.Bd3 
Nc6 9.Qxc5 Bxc5 10.a3 b5 11.O-O Bb7 12.Ne5 O-O 13.b4 Be7 14.Ne2 Nxe5 15.
Bxe5 Nd7 16.Bb2 e5 17.Bf5 Nb6 18.Bxe5 Nc4 19.Bc3 g6 20.Bd3 Bc6 21.Rfd1 
Rfd8 22.Nd4 Be8 23.Nb3 Rac8 24.Bd4 f5 25.Re1 Kf7 26.f3 Bf6 27.Nc5 Rd6 28.
Bxf6 Kxf6 29.e4 dxe4 30.fxe4 Ne5 31.exf5 Nxd3 32.Ne4+ Kg7 33.Nxd6 1-0

[Event "28th Hoogeveen op"]
[Site "Hoogeveen NED"]
[Date "2025.10.18"]
[Round "1.21"]
[White "Hoffman, Ron"]
[Black "Labruyere, Roger"]
[Result "1-0"]
[WhiteElo "2027"]
[BlackElo "2205"]
[EventDate "2025.10.18"]
[PlyCount "85"]

1.d4 Nf6 2.Bf4 b6 3.e3 Bb7 4.h3 g6 5.Nd2 Bg7 6.Ngf3 O-O 7.Be2 d6 8.O-O 
Nbd7 9.Bh2 Re8 10.a4 c5 11.c3 e5 12.dxe5 dxe5 13.Nc4 Ne4 14.Nfd2 Nxd2 15.
Qxd2 Qg5 16.Bg3 Nf6 17.h4 Qh6 18.Rad1 Bc6 19.Nxe5 Ne4 20.Ng4 Qh5 21.Qc2 
Qf5 22.Qb3 Rad8 23.Bf3 Nxg3 24.fxg3 Bxf3 25.gxf3 h5 26.e4 Qc8 27.Nf2 Qc7 
28.f4 c4 29.Qc2 Bf8 30.Kg2 Qc6 31.Rxd8 Rxd8 32.Rd1 Re8 33.Qd2 Qxa4 34.Qd7 
Qxd7 35.Rxd7 a5 36.e5 Rb8 37.Ne4 b5 38.Rc7 Rd8 39.e6 Rd1 40.e7 Bxe7 41.
Rxe7 Rb1 42.Nf6+ Kh8 43.Rxf7 1-0

[Event "28th Hoogeveen op"]
[Site "Hoogeveen NED"]
[Date "2025.10.18"]
[Round "1.22"]
[White "Weidenhoefer, Max"]
[Black "Xu, Alex"]
[Result "1-0"]
[WhiteElo "2205"]
[BlackElo "2027"]
[EventDate "2025.10.18"]
[PlyCount "165"]

1.e4 c6 2.d4 d5 3.e5 c5 4.dxc5 e6 5.Nf3 Bxc5 6.Bd3 f6 7.O-O Nc6 8.Qe2 fxe5
9.Nxe5 Nxe5 10.Qxe5 Nf6 11.Nd2 O-O 12.Nf3 Bd6 13.Qe2 Qc7 14.Re1 Ng4 15.h3 
Nxf2 16.Qxf2 e5 17.Qh4 e4 18.Ng5 h6 19.Nxe4 dxe4 20.Qxe4 Qc5+ 21.Be3 Qf5 
22.Qc4+ Be6 23.Qd4 Qd5 24.Be4 Qe5 25.Qxe5 Bxe5 26.c3 Bg3 27.Rf1 Rxf1+ 28.
Rxf1 Bxa2 29.Bxb7 Rb8 30.Bf3 a5 31.Ra1 Rxb2 32.Bd4 Bc4 33.Bc6 Kf7 34.Be4 
Re2 35.Bc6 g5 36.Kh1 Bb3 37.Bb5 Re1+ 38.Rxe1 Bxe1 39.c4 Ke6 40.Kg1 Bg3 41.
Bc3 a4 42.Bb4 Be5 43.Ba3 Bd6 44.c5 Bf4 45.Bc6 Ke5 46.Bb2+ Ke6 47.Kf2 Be5 
48.Bd7+ Kd5 49.Bc6+ Ke6 50.Bd7+ Kf6 51.c6 Bc4 52.c7 Ba6 53.Bxe5+ Kxe5 54.
Bxa4 Kd6 55.Kg3 Kxc7 56.Kg4 Be2+ 57.Kf5 Bf1 58.g3 Bxh3+ 59.Kg6 Bg2 60.Bd1 
Kd6 61.Kxh6 Ke5 62.Kxg5 Be4 63.g4 Ke6 64.Kh6 Kf7 65.g5 Kg8 66.Bh5 Kh8 67.
Bg6 Bd5 68.Bf5 Bf7 69.Be4 Kg8 70.Bg6 Bd5 71.Bh7+ Kf8 72.g6 Bf7 73.g7+ Ke7 
74.Bg6 Bg8 75.Bh7 Kf7 76.Bd3 Kf6 77.Bc2 Ke7 78.Kg6 Bf7+ 79.Kh7 Kf6 80.Kh8 
Kg5 81.Bh7 Kh6 82.Bg8 Bg6 83.Bd5 1-0

[Event "28th Hoogeveen op"]
[Site "Hoogeveen NED"]
[Date "2025.10.18"]
[Round "1.23"]
[White "Li, Hewei"]
[Black "Humburg, Philipp"]
[Result "1/2-1/2"]
[WhiteElo "2022"]
[BlackElo "2204"]
[EventDate "2025.10.18"]
[PlyCount "96"]

1.Nf3 Nf6 2.g3 d5 3.Bg2 e6 4.O-O Be7 5.d3 O-O 6.Nbd2 Nc6 7.e4 a5 8.Qe2 
dxe4 9.dxe4 e5 10.Nc4 Bg4 11.c3 Bc5 12.h3 Bxf3 13.Bxf3 Qd7 14.Kh2 Rfd8 15.
Bg5 Qe7 16.Ne3 Ng4+ 17.Bxg4 Qxg5 18.Nd5 Bd6 19.Rad1 Ne7 20.h4 Qh6 21.Nxe7+
Bxe7 22.Qb5 Bxh4 23.Kg2 Be7 24.Qxe5 Bd6 25.Qb5 g6 26.f4 b6 27.e5 Bc5 28.e6
fxe6 29.Bxe6+ Kh8 30.Qc6 Qg7 31.Rd7 Qf8 32.Rfd1 Rxd7 33.Rxd7 Rd8 34.Qxc7 
Rxd7 35.Bxd7 Qe7 36.Qe5+ Qxe5 37.fxe5 Kg7 38.Kf3 Kf7 39.g4 Ke7 40.Bc8 h6 
41.Ke4 h5 42.gxh5 gxh5 43.Kd5 h4 44.a3 Be3 45.b4 a4 46.Kc4 Bc1 47.Kb5 Bxa3
48.Kxa4 Ke8 1/2-1/2

[Event "28th Hoogeveen op"]
[Site "Hoogeveen NED"]
[Date "2025.10.18"]
[Round "1.24"]
[White "Moghe, Parth"]
[Black "Valiente, Paulo"]
[Result "0-1"]
[WhiteElo "2199"]
[BlackElo "2017"]
[EventDate "2025.10.18"]
[PlyCount "102"]

1.d4 d5 2.c4 c6 3.Nf3 Nf6 4.g3 g6 5.Bg2 Bg7 6.Nc3 O-O 7.O-O Nbd7 8.Re1 
dxc4 9.e4 Nb6 10.a4 a5 11.h3 h6 12.Be3 e6 13.Qe2 Nfd7 14.Nd2 Qe7 15.Nxc4 
Qb4 16.Na3 Nxa4 17.Qd2 Nxc3 18.bxc3 Qe7 19.Bxh6 e5 20.Nc4 a4 21.Bxg7 Kxg7 
22.f4 f6 23.fxe5 fxe5 24.Rf1 Rxf1+ 25.Rxf1 b5 26.Nxe5 Nxe5 27.dxe5 Be6 28.
Rf6 Rf8 29.Qg5 Rxf6 30.exf6+ Qxf6 31.Qc5 Bd7 32.Bf1 Qe6 33.e5 Kf7 34.Bd3 
Qxh3 35.Qf2+ Bf5 36.Bf1 Qg4 37.Be2 Qg5 38.g4 Ke8 39.Qg2 Qe3+ 40.Kf1 Qf4+ 
41.Kg1 Be4 42.Qh3 Qxe5 43.Qe3 a3 44.Kf2 a2 45.Qc1 Qh2+ 46.Ke1 Qh1+ 47.Bf1 
Qh4+ 48.Ke2 Qxg4+ 49.Kf2 Qf3+ 50.Ke1 Qg3+ 51.Kd1 Qf2 0-1

[Event "28th Hoogeveen op"]
[Site "Hoogeveen NED"]
[Date "2025.10.18"]
[Round "1.25"]
[White "Van der Lubben, Arno"]
[Black "Kazarjan, Gachatur"]
[Result "0-1"]
[WhiteElo "2005"]
[BlackElo "2192"]
[EventDate "2025.10.18"]
[PlyCount "80"]

1.d4 d5 2.c4 e6 3.Nc3 c5 4.cxd5 exd5 5.Nf3 Nf6 6.Bg5 Be6 7.e3 Be7 8.dxc5 
O-O 9.Nd4 Bxc5 10.Be2 Nc6 11.Nxc6 bxc6 12.O-O Be7 13.Rc1 Qa5 14.Qa4 Qb6 
15.Qc2 Rac8 16.Rfd1 h6 17.Bh4 Qa5 18.Bf3 Rfd8 19.a3 a6 20.h3 Rb8 21.Na4 c5
22.Nxc5 Rdc8 23.b4 Qxa3 24.Qd3 Qxb4 25.Bxf6 Bxc5 26.Be5 Bd6 27.Bxd6 Qxd6 
28.Rxc8+ Rxc8 29.e4 a5 30.exd5 Bd7 31.Qd2 a4 32.Qa2 Rc3 33.Ra1 a3 34.Be4 
Qe5 35.Qe2 Re3 36.Qxe3 Qxa1+ 37.Kh2 a2 38.Qf4 Qb2 39.Qc7 Be8 40.Qe7 Qb8+ 
0-1

[Event "28th Hoogeveen op"]
[Site "Hoogeveen NED"]
[Date "2025.10.18"]
[Round "1.26"]
[White "Ten Dam, Bram"]
[Black "Stefan, Iulia-Cristiana"]
[Result "1-0"]
[WhiteElo "2185"]
[BlackElo "1997"]
[EventDate "2025.10.18"]
[PlyCount "85"]

1.e4 e5 2.Nf3 Nc6 3.Bc4 Nf6 4.d3 h6 5.c3 d6 6.Nbd2 g6 7.O-O Bg7 8.Re1 O-O 
9.Nf1 Na5 10.Bb3 Nxb3 11.Qxb3 Re8 12.h3 b6 13.Ng3 Bb7 14.a4 a5 15.Qc2 d5 
16.b3 c5 17.c4 d4 18.Nh2 Nd7 19.Rf1 Qh4 20.Qe2 Rf8 21.Qg4 Qe7 22.Bxh6 Bxh6
23.Nf5 Qd8 24.Nxh6+ Kh7 25.Nf5 gxf5 26.Qxf5+ Kg7 27.f4 Rg8 28.fxe5 Qe7 29.
Ng4 Qe6 30.Qh5 Qg6 31.Qh4 Kf8 32.Rf2 Rg7 33.Raf1 Re8 34.e6 Qxe6 35.Qh8+ 
Rg8 36.Rxf7+ Qxf7 37.Rxf7+ Kxf7 38.Nh6+ Ke7 39.Nxg8+ Kd8 40.Qh4+ Kc7 41.
Nf6 Nxf6 42.Qxf6 Bc6 43.h4 1-0

[Event "28th Hoogeveen op"]
[Site "Hoogeveen NED"]
[Date "2025.10.18"]
[Round "1.27"]
[White "De Jong, Lode"]
[Black "Grooten, Herman"]
[Result "1-0"]
[WhiteElo "1986"]
[BlackElo "2183"]
[EventDate "2025.10.18"]
[PlyCount "115"]

1.d4 Nf6 2.c4 e6 3.g3 c5 4.d5 exd5 5.cxd5 d6 6.Nc3 g6 7.Bg2 Bg7 8.Nf3 O-O 
9.O-O a6 10.a4 Re8 11.Bf4 Qb6 12.Nd2 Qxb2 13.Rc1 b5 14.axb5 axb5 15.Nde4 
b4 16.Rb1 Nxe4 17.Nxe4 Qa2 18.Nxd6 Rd8 19.Nxc8 Rxc8 20.d6 Ra7 21.Bd5 Qa5 
22.e4 Nd7 23.Qg4 Re8 24.Bc6 Qd8 25.Bg5 Qc8 26.Bd5 Nb6 27.Qxc8 Rxc8 28.Rfd1
Bd4 29.Bb3 Kg7 30.Bf4 f6 31.h4 Re8 32.Rxd4 cxd4 33.f3 Rd8 34.e5 fxe5 35.
Bxe5+ Kf8 36.Bxd4 Ra6 37.Bc5 Nd7 38.Bxb4 Rb8 39.Bd2 Ne5 40.Bh6+ Ke8 41.
Ba4+ Rxa4 42.Rxb8+ Kd7 43.Bf4 Rxf4 44.gxf4 Nxf3+ 45.Kf2 Nxh4 46.Rb7+ Kxd6 
47.Rxh7 Nf5 48.Kf3 Ke6 49.Ra7 Nh6 50.Ke4 Kf6 51.Ra6+ Kg7 52.Ke5 Ng4+ 53.
Ke6 Ne3 54.Ra7+ Kh6 55.Ra3 Nf5 56.Kf6 Kh5 57.Ra5 Kg4 58.Rxf5 1-0